000 00801nam a2200253Ia 4500
003 OSt
005 20221005070649.0
006 a|||||r|||| 00| 0
007 ta
008 221004b |||||||| |||| 00| 0 urd d
020 _a9788191072273 (hbk)
_cINR 166.00
024 _a36239
037 _b4920, 25/02/2017, Kitabi Duniya
_cTextual
040 _aCRL
_cCRL
_burd
041 _2urd
_aurd
082 _aQ7:21wM63, 168Q6
100 _aAarif Mohammad Au.
_9605823
245 0 _aMaulana Hamiduddin Farahi ki zabano adab main khimaat
260 _aNew Delhi
_bAdab publishing house India
_c2016
300 _a312p.
_ccm.
650 _aQURAN
_933479
942 _hQ7:21wM63, 168Q6
_cTEXL
_2cc
999 _c976556
_d976556